Haltestellen Regionalexpress 19 (RE19) - Statistiken

Allgemein
  • Dieses Quiz wurde 26 mal gespielt
  • Das Durchschnittsergebnis liegt bei 13 aus 20
Antwortstatistiken
Haltestelle % Korrekt
Duisburg Hbf
92%
Düsseldorf Flughafen
92%
Düsseldorf Hbf
92%
Emmerich
88%
Oberhausen Hbf
88%
Wesel
88%
Arrnhem Centraal
75%
DInslaken
75%
Oberhausen-Sterkrade
75%
Friedrichsfeld (Niederrhein)
71%
Oberhausen-Holten
71%
Voerde (Niederrhein)
71%
Wesel-Feldmark
63%
Emmerich-Elten
50%
Haldern (Rheinland)
46%
Mehrhoog
46%
Millingen (b Rees)
46%
Zevenaar
46%
Empel-Rees
38%
Praest
38%
Keine übereinstimmenden Quizze gefunden
Verteilung der Resultate
Anzahl Personen mit jedem Resultat
Perzentil nach korrekt beantworteten Fragen
Ihre Resultats-Entwicklung
Sie haben dieses Quiz noch nicht gespielt